000 01797nam a2200253 a 4500
005 20180803165401.0
008 140128b2007 ck ||||| |||| 00| 0 spa d
041 _aspa
044 _ack
090 _aIAVH
_b00926
245 _aDirigir, orientar y consolidar tres iniciativas comunitarias locales en los municipio de Güican, El Espino y Chiscas, específicamente para realizar actividades de viverismo, restauración ecológica y ecoturismo
260 _aBogotá
_bInstituto Alexander von Humboldt
_bCORPOBOYACA
_c2007
300 _a44 p.
520 _aEste Convenio tuvo por objeto dirigir, orientar y consolidar tres iniciativas comunitarias locales de los municipios de Güicán, El Espino y Chiscas, específicamente en la realización de actividades de viverismo, restauración ecológica y ecoturismo.Contiene un resumen general de las actividades comenzando con la organización y consolidación de tres grupos de trabajo comunitario enfocado al tema de viverismo y restauración ecológica (veredas de la Cueva, municipio de Güicán; Duartes, municipio de Chiscas y Chuscal, municipio de El Espino). Luego hace un recuento sobre el funcionamiento y adecuación de los viveros enfocados a especies nativas para realizar restauración; la adecuación del sendero ecoturístico y la siembra de material vegetal en lugares priorizados. Finaliza con un resumen de las metas y logros alcanzados y la proyección del plan y las recomendaciones para su continuidad y seguimiento
650 _aIniciativas locales
_95564
650 _aViverismo
_95588
650 _aRestauración ecológica
_992279
650 _aEcoturismo
_992485
650 _aViveros
_992504
650 _aEspecies nativas
_992420
650 _aMaterial vegetal
_95589
942 _cCD-ROM
_2z
_01
945 _d2008-09-08
999 _c6543
_d6543